000 00456nam a2200181Ia 4500
001 18509
005 20260306171635.0
008 260306s9999||||xx |||||||||||||| ||und||
041 _aESP
082 _a658.406
_bR55
100 _aRidderstråle, Jonas,
_eAUT
245 0 _aKaraoke capitalism :
_bmanagement para la humanidad
260 _c2004
300 _axii, 316 páginas :
_c21 cm.
650 _aGEN
654 _aCAN
942 _cLIB
_dJUS
_fJUS
_2ddc
_n
999 _c18509
_d18509